000 00708nam a2200289Ia 4500
005 20260324113957.0
008 008 260324s9999 xx 000 0 eng d
020 _a9781003206194
037 _aEBOOK
040 _aCRL
040 _beng
040 _cCRL
041 _2eng
041 _aeng
084 _qCRL
100 _aSamsul Alam; Sergey Sosnovskikh
_91148928
245 0 _aEnvironmental Finance and Green Banking
245 0 _bContemporary and Emerging Issues
260 _bTaylor and Francis
260 _c2023
365 _a
365 _b220
856 _uhttp://www.taylorfrancis.com/books/9781003206194
942 _cEBOOK
999 _c1738868
_d1738868